Verkehrsmanagement I.: TIGER - MEng Course in Transport Infrastructure in GERman /

Salvato in:
Dettagli Bibliografici
Altri autori: Bezák, Bystrík, 1945- (Relatore della tesi)
Natura: Libro
Lingua:tedesco
Pubblicazione: Györ: Széchenyi István Föiskola Györ, 1996
Bratislava: Slovenská technická univerzita, 1996
Edizione:Umdruck 1996
Soggetti:
Tags: Aggiungi Tag
Nessun Tag, puoi essere il primo ad aggiungerne!!

MARC

LEADER 00000nam a22000003a 4500
001 0014239
003 SK-STU
005 20160504115503.9
007 ta
008 160504s ----xo-----e------000-0-----d
040 |a STU  |b slo 
041 0 |a ger  |h ger 
044 |a xo  |a hu  |a gw  |a au  |a ne 
100 1 |a Bezák, Bystrík,  |d 1945-  |4 ths  |X 996  |7 A000000996 
245 1 0 |a Verkehrsmanagement I.:  |b TIGER - MEng Course in Transport Infrastructure in GERman /  |c škol. Bystrík Bezák 
250 |a Umdruck 1996 
260 |a Györ:   |b Széchenyi István Föiskola Györ,   |c 1996 
260 |a Bratislava:  |b Slovenská technická univerzita,  |c 1996 
300 |a 115 s. 
500 |a Publikácia je súčasťou súboru prednášok vydaných v rámci projektu TEMPUS-TIGER - Bratislava-Györ 1995-1997 č. 08348-94 
650 0 7 |a dopravné systémy 
650 0 7 |a životné prostredie 
996 |b 284V037025  |c V* 2310/sc-16  |l VVT  |s A  |a 24  |w 0014239_0001